Etica y derecho: en homenaje al dr. Ricardo Balbín

Gespeichert in:
Bibliographische Detailangaben
1. Verfasser: Ferrer, Patricia (VerfasserIn)
Format: Buch
Sprache:Spanisch
Veröffentlicht: Buenos Aires Fundación Casa Ricardo Balbín 1998
Schlagworte:
Tags: Tag hinzufügen
Keine Tags, Fügen Sie den ersten Tag hinzu!

MARC

LEADER 00000nam a2200000 a 4500
001 UCP4157
003 CL-VaPUC
008 990724e19980000AG |||||||||||||||||spa|d
082 0 4 |a 340.112  |b FER  |2 21 
100 0 |a Ferrer, Patricia  |e author  |9 431595 
245 1 0 |a Etica y derecho: en homenaje al dr. Ricardo Balbín 
300 |a 342 p 
942 |c BK 
945 |d 19990724 00:00:00  |a rbrito 
260 |a Buenos Aires  |b Fundación Casa Ricardo Balbín  |c 1998 
600 0 7 |a BALBIN, RICARDO  |2 CL-VaPUC  |9 431596 
650 0 |a Filosofía del derecho   |9 255050 
650 0 |a Ética  |9 255099 
650 0 |a Estado  |9 255503 
650 7 |a DERECHO  |2 CL-VaPUC  |9 431597 
650 7 |a RELACIONES JURIDICAS  |2 CL-VaPUC  |9 431598 
650 0 |a Relaciones laborales   |9 335971 
650 0 |a Corrupción  |9 328304 
650 0 |a Responsabilidad administrativa  |9 256129 
650 0 |a Bioética  |9 256117 
650 0 |a Reforma política  |9 349470 
650 7 |a ETICA DEL ABOGADO  |2 CL-VaPUC  |9 431599 
583 |a last modification  |c 19990724 00:00:00  |k Rodrigo Vera 
999 |c 282212  |d 282210 
952 |0 0  |1 0  |4 0  |6 340_112000000000000_FER_1998  |7 0  |8 DER_TF  |9 323751  |a BIBDER  |b BIBDER  |d 2019-11-20  |i 3539318  |o 340.112 FER 1998  |p 3539318  |r 2023-01-25  |w 2019-11-20  |x Ubicación 4to Piso  |y BK  |z Estos recursos deben solicitarse con anticipación  |k DER